000 00484nam a22002297a 4500
003 UA-OsUOA
001 30047
007 ta
008 20041103b un ||||| |||| 00| 0 ukr d
090 _a821.161.2
_bТ28
942 _cBK
040 _aUA-OsUOA
_bukr
_cUA-OsUOA
_dUA-OsUOA
245 _aДраматичні твори
300 _a343 с.
955 _a0
041 _aukr
080 _a821.161.2
260 _c1969
044 _aUA
650 7 _2UDC
999 _c316451
_d316451